000 00410nam a2200169Ia 4500
008 100122s9999 xx 000 0 und d
082 _b69263
_a821
100 _aNANDY PRITISH
245 _aUNCHAINED MELODY
260 _bRUPA & CO
_c1994
300 _a80
520 _aLOVE POEMS OF AMARU
620 _aLOVE POEMS OF AMARU
630 _aUNCHAINED MELODY
730 _aUNCHAINED MELODY
942 _cBOOK
999 _c381645
_d381642